=LDR 00000nam 2200000 4500 =001 NUTBA000000000004503 =005 20140916090436.0 =006 =007 =008 =020 ##$$a 978-979-756-816-0 =035 ##$$0010-091400000000536 =040 ##$$a NBPDMAT =082 ##$$a 547.1223 =084 ##$$a 547.1223 Enn s =100 ##$$a Enny Fachriyah =245 ##$$a Stereokimia / $c Enny Fachriyah =250 ##$$a Cet. 1 =260 ##$$a Yogyakarta : $b Graha Ilmu, $c 2012 =300 ##$$a x, 130 hlm. : $b ilus. ; $c 23 cm. =650 ##$$a Stereokimia =990 ##$$a 21410007 =990 ##$$a 0001/BPAP-NTB/20142014 =990 ##$$a 0001/BPAP-NTB/20142014 =990 ##$$a 0001/BPAP-NTB/20142014 =990 ##$$a 0001/BPAP-NTB/20142014 =990 ##$$a 0001/BPAP-NTB/20142014 =990 ##$$a 0001/BPAP-NTB/20142014 =990 ##$$a 0001/BPAP-NTB/20142014 =990 ##$$a 0001/BPAP-NTB/20142014